00600nam a22001697a 450000500170000000800410001702000180005804100080007604400070008408200170009110000290010824501390013726000490027630000380032565000410036370000260040420140314020001.0220813s2012 ck 000 spa d a9789589996522 aspa ack a636.2bP514e1 aPeñuela-Recio, Lourdes10aEstrategias para el mejoramiento de la productividad ganadera y la conservación de la sabana...bLourdes Peñuela Recio... [et al]. bThe Nature Conservancy (TNC)c2012aBogotá a117 p.bil. (col), tablasc28 cm. aGanaderíaxProductividadzColombia aOcapo-Durán, Alvaro